Catholic University of Zimbabwe Library
Online Public Access Catalogue
(OPAC)

Fighting terrorism at source : (Record no. 28691)

MARC details
000 -LEADER
fixed length control field 03210nam a22003615i 4500
001 - CONTROL NUMBER
control field eep9781786432179
003 - CONTROL NUMBER IDENTIFIER
control field UtOrBLW
005 - DATE AND TIME OF LATEST TRANSACTION
control field 20210215104133.0
006 - FIXED-LENGTH DATA ELEMENTS--ADDITIONAL MATERIAL CHARACTERISTICS
fixed length control field m o d
007 - PHYSICAL DESCRIPTION FIXED FIELD--GENERAL INFORMATION
fixed length control field cr un|||||||||
008 - FIXED-LENGTH DATA ELEMENTS--GENERAL INFORMATION
fixed length control field 161116s2018 mau o 001 0 eng
020 ## - INTERNATIONAL STANDARD BOOK NUMBER
International Standard Book Number 9781786432179 (e-book)
040 ## - CATALOGING SOURCE
Original cataloging agency DLC
Language of cataloging eng
Description conventions rda
Transcribing agency DLC
Modifying agency UtOrBLW
042 ## - AUTHENTICATION CODE
Authentication code pcc
050 #4 - LIBRARY OF CONGRESS CALL NUMBER
Classification number HV6431
Item number .A93 2018
100 1# - MAIN ENTRY--PERSONAL NAME
Personal name Azam, Jean-Paul,
Relator term author.
245 10 - TITLE STATEMENT
Title Fighting terrorism at source :
Remainder of title using foreign aid to delegate global security /
Statement of responsibility, etc. Jean-Paul Azam (Toulouse School of Economics, University of Toulouse 1-Capitole, IAST, IDEI), and Véronique Thelen (University of Rennes 1 (CREM), France).
264 #1 - PRODUCTION, PUBLICATION, DISTRIBUTION, MANUFACTURE, AND COPYRIGHT NOTICE
Name of producer, publisher, distributor, manufacturer Edward Elgar Publishing Limited,
300 ## - PHYSICAL DESCRIPTION
Extent 1 online resource (200 pages)
500 ## - GENERAL NOTE
General note Includes index.
505 0# - FORMATTED CONTENTS NOTE
Formatted contents note Contents: 1. Introduction and overview -- Part 1: Getting the questions right -- 2: Targets and perpetrators of transnational terrorist attacks -- 3: Why suicide terrorists get educated -- 4: Aid and military intervention in a model of delegated protection -- Part 2: Empirical answers -- 5: Testing the impacts of foreign aid and military interventions -- 6: Estimating the speed of terrorist responses. -- 7: The problem of imported attacks -- 8. -- General conclusion -- Index.
520 ## - SUMMARY, ETC.
Summary, etc. This book offers a unique and insightful econometric evaluation of the policies used to fight transnational terrorism between 1990 and 2014. It uses the tools of modern economics, game theory and structural econometrics to analyze the roles of foreign aid, educational capital, and military intervention. Jean-Paul Azam and Véronique Thelen analyze panel data over 25 years across 124 countries. They prove that foreign aid plays a key role in inducing recipient governments to protect the donors' political and economic interests within their sphere of influence. Demonstrating that countries endowed with better educational capital export fewer terrorist attacks, they also illustrate that, in contrast, military intervention is counter-productive in abating terrorism. Recognizing the strides taken by the Obama administration to increase the role of foreign aid and reduce the use of military interventions, this book shows the significant impact this has had in reducing the number of transnational terrorist attacks per source country, and suggests further developments in this vein. Practical and timely, this book will be of particular interest to students and scholars of economics and political science, as well as those working on the wider issue of terrorism. Presenting a series of new findings, the book will also appeal to international policy makers and government officials.
588 ## - SOURCE OF DESCRIPTION NOTE
Source of description note Description based on print record.
650 #0 - SUBJECT ADDED ENTRY--TOPICAL TERM
Topical term or geographic name entry element Terrorism
General subdivision Economic aspects.
655 #0 - INDEX TERM--GENRE/FORM
Genre/form data or focus term Electronic books.
700 1# - ADDED ENTRY--PERSONAL NAME
Personal name Thelen, Véronique,
Relator term author.
710 2# - ADDED ENTRY--CORPORATE NAME
Corporate name or jurisdiction name as entry element Edward Elgar Publishing,
Relator term publisher.
776 1# - ADDITIONAL PHYSICAL FORM ENTRY
International Standard Book Number 9781786432162 (hardback)
856 40 - ELECTRONIC LOCATION AND ACCESS
Uniform Resource Identifier <a href="https://www.elgaronline.com/view/9781786432162/9781786432162.xml">https://www.elgaronline.com/view/9781786432162/9781786432162.xml</a>
Holdings
Withdrawn status Lost status Source of classification or shelving scheme Damaged status Not for loan Home library Current library Shelving location Date acquired Total Checkouts Full call number Date last seen Uniform Resource Identifier Price effective from Koha item type
          Digital Library Digital Library Online Access 15.02.2021   HV6431 .A93 2018 15.02.2021 https://www.elgaronline.com/view/9781786432162/9781786432162.xml 15.02.2021 eBook

OPENING HOURS

Weekdays: 0815hrs - 1800hrs
Weekends:0900hrs - 1200hrs

Closed for Mass:

Mon, Thur: 1200hrs - 1300hrs
Sunday & Public Holiday’s

CALL SUPPORT

0242-570570, 0242-570169
09200664, +263 8644140602

LOCATION

18443, Cranborne Avenue, Hatfield, Harare

Other Links


©2021 | CUZ Library